[Event "Novokuznetsk SFO-ch U17"]
[Site "Novokuznetsk"]
[Date "2014.11.07"]
[Round "6"]
[White "Dondokov, Ochir"]
[Black "Kamensky, Danil"]
[Result "1/2-1/2"]
[WhiteElo "800"]
[BlackElo "1878"]
[PlyCount "120"]
[EventDate "2014.11.02"]
[EventType "swiss"]
[EventRounds "9"]
[EventCountry "RUS"]
[SourceTitle "CBM 163 Extra"]
[Source "ChessBase"]
[SourceDate "2014.12.23"]
[SourceVersion "1"]
[SourceVersionDate "2014.12.23"]
[SourceQuality "1"]

1. e4 e6 2. d4 d5 3. Nc3 Nf6 4. Bg5 Be7 5. e5 Nfd7 6. Bxe7 Qxe7 7. f4 a6 8. Nf3 c5 9. dxc5 Qxc5 10. Qd4 Nc6 11. Qxc5 Nxc5 12. 0-0-0 b5 13. a3 Bb7 14. Be2 h6 15. Nd4 0-0-0 16. Bf3 Nd7 17. Rhe1 g6 18. h3 Nb6 19. Nce2 Ne7 20. g4 Nc4 21. Ng3 Rhg8 22. Rd3 Kb8 23. Bh1 Nc6 24. Nge2 Ne7 25. Ng3 Nc6 26. Nxc6+ Bxc6 27. Ne2 Bd7 28. Nd4 Rdf8 29. b3 Nb6 30. Rde3 Nc8 31. Bg2 Ne7 32. h4 Rc8 33. Bf1 Nc6 34. Nxc6+ Rxc6 35. Kb2 Rgc8 36. Bd3 Kb7 37. h5 gxh5 38. Rh3 Rg8 39. Rxh5 Rxg4 40. Rf1 Rc8 41. Rxh6 Rcg8 42. Rf6 R8g7 43. f5 R4g5 44. fxe6 fxe6 45. Rf7 Rxf7 46. Rxf7 Kc6 47. Kc3 Rxe5 48. Kb4 Bc8 49. a4 bxa4 50. Kxa4 Re1 51. Rf8 Bb7 52. Kb4 Rh1 53. Rf6 Re1 54. Rg6 Kb6 55. c4 Re3 56. Kc3 dxc4 57. Kxc4 Bd5+ 58. Kd4 Re1 59. b4 Rh1 60. Kc3 Rh4 1/2-1/2

[Event "Novokuznetsk SFO-ch U17"]
[Site "Novokuznetsk"]
[Date "2014.11.02"]
[Round "1"]
[White "Mazhitov, Danis"]
[Black "Dondokov, Ochir"]
[Result "1/2-1/2"]
[WhiteElo "1928"]
[BlackElo "800"]
[PlyCount "52"]
[EventDate "2014.11.02"]
[EventType "swiss"]
[EventRounds "9"]
[EventCountry "RUS"]
[SourceTitle "CBM 163 Extra"]
[Source "ChessBase"]
[SourceDate "2014.12.23"]
[SourceVersion "1"]
[SourceVersionDate "2014.12.23"]
[SourceQuality "1"]

1. c4 c6 2. Nc3 Nf6 3. g3 d5 4. cxd5 cxd5 5. d4 Nc6 6. Bg2 a6 7. Nf3 Bg4 8. Ne5 Bf5 9. 0-0 e6 10. Bg5 Be7 11. Nxc6 bxc6 12. Qa4 Qb6 13. e3 0-0 14. Bxf6 Bxf6 15. Qa3 e5 16. Na4 Qa7 17. dxe5 Bxe5 18. Rac1 Rfc8 19. Nc5 Qb6 20. Na4 Qd8 21. Nc3 Bd6 22. Qa4 Qb6 23. e4 dxe4 24. Nxe4 Bxe4 25. Bxe4 Qxb2 26. Rxc6 Qb4 1/2-1/2